303 digital filmmaking solutions
Uloženo v:
| Hlavní autor: | |
|---|---|
| Médium: | Kniha |
| Jazyk: | Undetermined |
| Vydáno: |
New York
McGraw-Hill
2003
|
| Témata: | |
| Tagy: |
Přidat tag
Žádné tagy, Buďte první, kdo otaguje tento záznam!
|
| Thư viện lưu trữ: | Trung tâm Học liệu Trường Đại học Cần Thơ |
|---|
| LEADER | 00601nam a2200205Ia 4500 | ||
|---|---|---|---|
| 001 | CTU_57219 | ||
| 008 | 210402s9999 xx 000 0 und d | ||
| 020 | |b 449000 | ||
| 082 | |a 778 | ||
| 082 | |b G562 | ||
| 100 | |a Chuck GLoman | ||
| 245 | 0 | |a 303 digital filmmaking solutions | |
| 245 | 0 | |c Chuck GLoman | |
| 260 | |a New York | ||
| 260 | |b McGraw-Hill | ||
| 260 | |c 2003 | ||
| 650 | |a digital cinematography,digital video,video recordings | ||
| 650 | |x editing,data processing,production and direction,data processing | ||
| 904 | |i Minh | ||
| 980 | |a Trung tâm Học liệu Trường Đại học Cần Thơ | ||